00695cam a22002531 4500001001300000003000400013005001700017008004100034010001700075035002000092040001800112042001200130050002400142100002400166245006500190260001000255300005100265500001600316504003100332600002400363650001400387700002300401999001700424sa 67003928 DLC20260227112342.0890928s1966 ii ach b 000 0 kano  asa 67003928  a(OCoLC)20408415 aDLCcWaUdDLC apremarc00aBL1146.M33bA1 19661 aManjappa, Hardekar.10aRāṣṭradharma dr̥ṣṭāra Harḍēkara Mañjappa. c1966. axvi, 1348 p.billus., facsims., ports.c25 cm. aIn Kannada. aBibliographical footnotes.10aManjappa, Hardekar. 0aHinduism.1 aHālappa, Ga. Sa. c74179d74179